| 000 | 00960nam a2200217Ii 4500 | ||
|---|---|---|---|
| 003 | JO-AjNU | ||
| 008 | 230605s9999||||xx |||||||||||||| ||und|| | ||
| 017 | _a2004/9/2174 | ||
| 040 |
_aJO-AjNU _bara _erda _cJO-AjNU |
||
| 041 | _aara | ||
| 050 | 1 | 4 | _aPJ7552.A438 2008 |
| 100 | 3 |
_aعلاونة،شريف راغب, _eauthor _924667 |
|
| 245 | 0 | 0 | _aثلاثة شعراء مقلون:مالك بن حريم الهمداني(من مخضرمي الجاهلية والإسلام) عدي بن حاتم الطائي(من مخضرمي الجاهلية والإسلام) جعفر بن علبة الحارثي(من مخضرمي الدولتين الأموية والعباسية) |
| 250 | _aط2 | ||
| 264 | 3 | 1 | _aعمان:المؤلف،2005 |
| 300 | _a205ص | ||
| 336 |
_atext _btxt _2rdacontent |
||
| 337 |
_aunmediated _bn _2rdamedia |
||
| 338 |
_avolume _bnc _2rdacarrier |
||
| 650 | 4 |
_aالشعراء العرب-الشعر العربي-الأدب العربي _924668 |
|
| 999 |
_aA9122 _c12690 _d12690 |
||